000
00296nam a2200145Ia 4500
100
_a
Gupta/P.K/ Hira/D.S
942
_c
BK
366
_f
20
245
_a
Operation Research
260
_b
S.Chand and Co.
_c
1976
082
_a
658.4034
_b
GUP
300
_a
1395
546
_a
ENGLISH
999
_c
35522
_d
35522